| 000 | 00645nam 22002053 4500 | ||
|---|---|---|---|
| 001 | 198358 | ||
| 010 | _a978-989-554-596-4 | ||
| 021 |
_aPT _b299973/09 |
||
| 090 | _a198358 | ||
| 100 | _a20251009d u||y0pory50 ba | ||
| 200 |
_aD. João IV _eO Restaurador : Dinastia de Bragança 1640-1656 _ftextos Francisco Ribeiro da Silva |
||
| 210 |
_aMatosinhos _cQN- Edição e Conteúdos _d2009 |
||
| 215 |
_a93, [2] p. _cencadernado _d19 cm |
||
| 225 | _aReis de Portugal | ||
| 606 |
_aHistória de Portugal _91574 |
||
| 675 |
_a94(469)"16/18" _vPT _zpor |
||
| 700 |
_aSilva _97911 _bFrancisco Ribeiro |
||
| 801 |
_aPT _bBMMN _gRPC |
||
| 830 | _cIsabel | ||
| 990 | _cLIVROS | ||